| 000 | 00674nam a2200229 i 4500 | ||
|---|---|---|---|
| 001 | bg | ||
| 100 | 1 | _aWATKIN, David | |
| 245 | 0 | 0 |
_aHistoria architektury zachodniej / _cDavid Watkin ; [tł. Ryszard Depta]. |
| 246 |
_iTyt. oryg.: _aA history of western architecture |
||
| 260 |
_aWarszawa : _b"Arkady", _c2001. |
||
| 300 |
_a661 s. : _bil. ; _c24 cm. |
||
| 500 | _aTyt. oryg.: "A history of western architecture". | ||
| 504 | _aBibliogr. - Indeksy. | ||
| 650 | 9 |
_aArchitektura _xhistoria |
|
| 020 | _a8321341780 | ||
| 040 | _cBPK | ||
| 041 | 1 |
_apl _hen |
|
| 080 | _a72(091) | ||
| 920 | _a83-213-4178-0 | ||
| 942 | _cKS | ||
| 008 | s pl f |000 0 pol | ||
| 999 |
_c39819 _d39819 |
||
| 856 |
_uhttp://koha.tu.koszalin.pl/cgi-bin/koha/opac-detail.pl?biblionumber=39819 _yKatalog online BPK |
||